The complete idiot's guide to beating debt (Record no. 406187)

MARC details
000 -LEADER
fixed length control field 00305nam a2200097Ia 4500
082 ## - DEWEY DECIMAL CLASSIFICATION NUMBER
Classification number 332.02402 STRA
008 - FIXED-LENGTH DATA ELEMENTS--GENERAL INFORMATION
fixed length control field 210817s9999 xx 000 0 und d
100 ## - MAIN ENTRY--PERSONAL NAME
Personal name STRAUSS, Steven D. Indianapolis, IN, 2003 2nd ed
9 (RLIN) 96562
245 #0 - TITLE STATEMENT
Title The complete idiot's guide to beating debt
942 ## - ADDED ENTRY ELEMENTS
item type Books

No items available.